| 000 | 00529nam a2200217Ia 4500 | ||
|---|---|---|---|
| 003 | OSt | ||
| 005 | 20220918201320.0 | ||
| 006 | a|||||r|||| 00| 0 | ||
| 007 | ta | ||
| 008 | 220917b |||||||| |||| 00| 0 eng d | ||
| 024 | _a93,074 | ||
| 037 | _cTextual | ||
| 040 |
_aARTS _cARTS _beng |
||
| 041 |
_2eng _aeng |
||
| 082 | _aV2xM5, K3.1 (VSC) | ||
| 245 | 0 | _aSelections from the Indian journals | |
| 260 | _c1963 | ||
| 650 | _aHISTORY | ||
| 942 |
_hV2xM5, K3.1 (VSC) _cTEXL _2CC |
||
| 999 |
_c216722 _d216722 |
||